000 02042cam a22005054i 4500
003 PE-LiUPU
005 20250731180130.0
008 150625s r 000 0 d
035 _a(Sirsi) a36076
040 _aPE-LiUPU
_bspa
_cPE-LiUPU
_erda
082 0 4 _a539
_bG551965
_221
100 1 _aGlasstone, Samuel,
_eautor.
245 1 0 _aElementos de Química Física /
_cSamuel Glasstone.
250 _a2a
264 1 _aBuenos Aires :
_bMédico Quirúrgica,
_c1965.
300 _a905 páginas :
_bilustraciones, diágramas ;
_c23 cm.
336 _atext
_2rdacontent
337 _aunmediated
_2rdamedia
338 _avolume
_2rdacarrier
505 0 _aIntroducción. -Propiedades de los gases. -Termodinámica y Termoquímica. -Segunda Ley de la Termodinámica. -Licuefacción y Propiedades de los líquidos. -Estructura Atómica y Molecular. -El Estado Sólido. -Soluciones Diluidas. -Propiedades Físicas y Estructura Molecular. -Energía Libre y Equilibrio Químico. -Equilibrio de Fases. -Conductancia de los Electrólitos. -Fuerza Electromotriz. -Equilibrios en Electrólitos. -Química de superficie y coloides. -Cinética de las reacciones Químicas. -Fotoquímica. -Química Nuclear.
526 _aSEG44
526 _aSEG26
526 _aP159
526 _aP155
526 _aP154
526 _aP153
526 _aP150
526 _aP100
526 _aP31
526 _aP30
526 _aP26
526 _aP25
526 _aP24
526 _aP22
526 _aP15
526 _aP10
650 0 4 _aQuímica.
650 0 4 _aFísica.
910 _blch
_d20050518
942 _2ddc
_cBOOK
949 _a539 G55 1965
_wDEWEY
_c1
_i55176
_lCCODEBUL1
_mBUL
_p15.00
_r0
_sY
_tBOOK
_u2015-06-25
_xBIBLIOTECA
_zUNKNOWN
_0COMPRA
_o.STAFF. Colección General
596 _a1
999 _a539 G55 1965
_wDEWEY
_c44108
_i55176
_f2021-11-5
_g7
_lCCODEBUL1
_mBUL
_p15.00
_r0
_sN
_tBOOK
_u2015-6-25
_xBIBLIOTECA
_zUNKNOWN
_0COMPRA
_o.STAFF. Colección General
_d44108
980 _81
_gALBERTO SANCHEZ Responsable de Automatización